Československá federace 6 mezinárodní vztahy

Gespeichert in:
Bibliographische Detailangaben
Format: Buch
Sprache:Tschechisch
Veröffentlicht: Praha Československá tisková kancelář 1970
Tags: Tag hinzufügen
Keine Tags, Fügen Sie das erste Tag hinzu!

MARC

LEADER 00000nam a2200000 4500
001 c039056
005 20260323112834.3
041 0 |a cze 
044 |a CZ 
245 1 0 |a Československá federace 6  |b mezinárodní vztahy  |c Uspor. Václav Brož 
264 1 |a Praha  |b Československá tisková kancelář  |c 1970 
300 |a 95 s.